The eyes of the panther and other stories

Saved in:
Bibliographic Details
Main Author: Bierce, Ambrose
Format: Book
Language:English
Published: Nueva York Pyramid Books 1972
Series:Ladder. 131
Subjects:
Tags: Add Tag
No Tags, Be the first to tag this record!

MARC

LEADER 00000cam a2200000 a 4500
001 UCG8388
003 CL-VaPUC
005 20201112001216.0
008 111202e19720700US |||||||||||||||||eng|d
999 |c 345998  |d 345996 
040 |c Pontificia Universidad Católica de Valparaíso 
082 0 4 |a 808.831 BIE 1972  |2 21 
100 0 |a Bierce, Ambrose  |9 462386 
245 1 4 |a The eyes of the panther and other stories 
260 |a Nueva York  |b Pyramid Books  |c 1972 
300 |a 125 páginas 
490 0 |a Ladder.  |v 131 
583 |a last modification  |c 20111202 14:14:00  |k Rodrigo Vera 
650 0 |a Cuentos estadounidenses  |9 265133 
650 0 |a Literatura estadounidense  |9 317168 
942 |c BK  |2 ddc 
945 |d 20111202 00:00:00  |a dcastane 
952 |0 0  |1 0  |2 ddc  |4 0  |6 808_831000000000000_BIE_1972  |7 0  |8 A  |9 446419  |a BIBEDU  |b BIBEDU  |d 2019-11-22  |i 4809300  |o 808.831 BIE 1972  |p 4809300  |r 2019-11-22  |t 1  |w 2019-11-22  |y BK  |k LIT